| 000 | 03785nam a2200409 a 4500 | ||
|---|---|---|---|
| 003 | CHAP | ||
| 005 | 20240130131257.0 | ||
| 007 | ta | ||
| 008 | 231019s2018 SP ao||fr|||| 001 0 spa d | ||
| 020 | _a978-84-17225-32-2 | ||
| 040 |
_aZ _cCHAP _erda |
||
| 082 | 0 | 0 |
_a637.15 _bM43 2018 _220 |
| 100 | 1 |
_9188165 _aMeana Mañes, Aránzazu _eautor |
|
| 245 | 1 | 7 |
_a40 Q&A sobre sanidad y producción apícola / _cAránzazu Meana Mañes, Mariano Higes Pascual y Raquel Martín Hernández |
| 246 | 3 | _aCuarenta Q y A sobre sanidad y producción apícola | |
| 264 | 1 |
_aZaragiza, España: _bGrupo Asis Biomedia. Servet, _c2018 |
|
| 300 |
_axiv, 176 páginas: _bilustraciones, fotografías |
||
| 336 |
_2rdacontent _atexto _btxt |
||
| 337 |
_2rdamedia _asin medio _bn |
||
| 338 |
_2rdacarrier _avolumen _bnc |
||
| 500 | _aej.1: consumo | ||
| 505 | _g1. Q&A de bases de la apicultura.-- 1. ¿Por qué la abeja es un animal ganadero?.--2.¿Qué toman las abejas de las flores?.-- 3 ¿Qué es el polietismo?.-- 2. Q&A de producción.-- Introducción.-- 4. ¿Qué es una colmena movilista?.-- 5. ¿Qué tipo de colmena es la mejor?.-- 6. ¿Qué es la cera estampada?.-- 7. ¿Cuándo debo revisar las colmenas?.-- 8. ¿Pongo el colmenar a la sombra?.-- 9. ¿Cómo multiplico colmenas?.-- 10. ¿Cuándo compro un camión para la explotación?.-- 11. ¿Cómo extraigo la miel?.-- 12. ¿Qué es la aplicultura ecológica?.-- 13. ¿Cómo puedo criar reinas?.-- 14 ¿Qué miel es la mejor?.-- 15. ¿Cuando se obtiene jalea real?.-- 16. ¿Para qué sirve el polen?.-- 3. Q&A de sanidad.-- Introducción.-- 17. ¿Qué debo mirar al inspeccionar un colmenar?.-- 18. ¿Cómo obtengo las muestras en un colmenar?.-- 19. ¿Qué veo a simple vista en la muestras de abejas?.-- 20. ¿Son los plaguicidas la principal amenaza de las anejas melíferas?.-- 21¿Cómo respiran las varroas?.-- 22. ¿Cómo vive Varroa?.-- 23. ¿Qué efecto tiene Varroa en las colmenas?.-- 24. ¿Cómo evalúo la vorroosis?.-- 25. ¿Cuándo puede aparecer una gran infestación de Varroa?.-- 26. ¿Cómo controlo la varroosis?.-- 27. ¿Qué es la acarapisosis?.-- 28. ¿Cpomo es Nosema?.-- 29. ¿Cómo afecta Nosema a las abejas?.-- 30. ¿Qué efecto tiene Nosema en las colmenas?.-- 31. ¿Cómo evalúo la nosemosis?.-- 32. ¿Cuándo puede aparecer la nosemosis C y qué puedo hacer?.-- 33. ¿Que son los tripanosomátidos?.-- 34. ¿Qué son los neogregarinos?.-- 35. ¿Es la loque una enfermedad grave?.-- 36. ¿Cómo controlo la ascosferosis?.-- 37. ¿Qué virus tienen las abejas adultas?.-- 38. ¿Qué virus afectan a la cría?.-- 39. ¿Qué hago con las avispas?. 40. ¿Que otros agentes pueden afectar a la colmena? | ||
| 520 | _aObra eminentemente práctica concebida para mostrar a los profesionales del sector los aspectos más importantes de la producción apícola. La información se presenta de un modo totalmente diferente mediante preguntas y respuestas que pretenden estimular la curiosidad del lector y afianzar la adquisición de los conocimientos. La información se estructura en tres grandes capítulos que engloban las bases de la apicultura, la producción apícola y la sanidad de las abejas. Sus mas de 200 imágenes le confieren un carácter eminentemente práctico que sin duda será de gran interés para profesores experimentados y para quienes se inician en este campo. | ||
| 534 | _pTítulo original: | ||
| 650 | 1 | 3 |
_96241 _aApicultura |
| 650 | 1 | 3 |
_9182 _aAbejas _xEnfremedades |
| 650 | 1 | 3 |
_9143228 _aAbejas melíferas |
| 650 | 1 | 0 |
_9168170 _aAbejas _x Enfermedades Colmenas |
| 700 | 1 |
_9188173 _aHiges Pascual, Mariano _eautor |
|
| 700 | 1 |
_9188175 _aMartín Hernández, Raquel _eautor |
|
| 942 | _2ddc | ||
| 942 | _2ddc | ||
| 942 | _2ddc | ||
| 942 | _2ddc | ||
| 942 | _2ddc | ||
| 942 | _cLIBRO | ||
| 999 |
_c219292 _d219292 |
||